Statistiche per Capitali del mondo che iniziano con la S

Clicka qui per fare il quiz!

Statistiche generali

  • Questo quiz è stato fatto 638 volte
  • Il punteggio medio è 10 su 18

Statistiche sulle risposte

Risposte% Corretto
Stoccolma
85%
San Marino
70%
Sarajevo
69%
Singapore
68%
Santiago del Cile
67%
Seul
64%
San Salvador
62%
San José
58%
Saint John's
57%
Sofia
57%
Santo Domingo
55%
Sana'a
54%
Skopje
54%
Saint George's
53%
Suva
51%
São Tomé
47%
Sucre
42%
Sri Jayawardenapura Kotte
23%

Distribuzione punteggi

Percentile per numero di risposta

Percentuale di utenti per punteggio

I tuoi punteggi nel tempo

Non hai fatto questo quiz